| 000 | 00446cam a2200181 4500 | ||
|---|---|---|---|
| 001 | D6601 | ||
| 008 | 090401t1961 xxu||||| |||| 00| 0 eng d | ||
| 035 | _a(Sirsi) u1842 | ||
| 041 | _aeng | ||
| 050 | _a346.4104346 | ||
| 100 | _aLeach, W. A. | ||
| 245 | _aPractical points on leases: a surveyor`s experience | ||
| 260 |
_aLondon _bSweet and Maxwell _c1961 |
||
| 300 | _axiv. 307p. 22cm | ||
| 350 | _a2.5 | ||
| 942 | _n0 | ||
| 948 | _c04/03/1997 | ||
| 999 |
_c85705 _d85705 |
||